Arsenal players 24/25 - Statistics

General Stats
  • This quiz has been taken 30 times
  • The average score is 18 of 35
Answer Stats
# Answer Nation % Correct
7 Bukayo Saka ๐Ÿด๓ ง๓ ข๓ ฅ๓ ฎ๓ ง๓ ฟ
93%
29 Kai Havertz ๐Ÿ‡ฉ๐Ÿ‡ช
93%
2 William Saliba ๐Ÿ‡ซ๐Ÿ‡ท
93%
8 Martin Odegaard ๐Ÿ‡ณ๐Ÿ‡ด
89%
5 Thomas Partey ๐Ÿ‡ฌ๐Ÿ‡ญ
81%
22 David Raya ๐Ÿ‡ช๐Ÿ‡ธ
78%
9 Gabriel Jesus ๐Ÿ‡ง๐Ÿ‡ท
78%
11 Gabriel Martinelli ๐Ÿ‡ง๐Ÿ‡ท
78%
4 Ben White ๐Ÿด๓ ง๓ ข๓ ฅ๓ ฎ๓ ง๓ ฟ
74%
6 Gabriel ๐Ÿ‡ง๐Ÿ‡ท
74%
19 Leandro Trossard ๐Ÿ‡ง๐Ÿ‡ช
74%
15 Jakub Kiwior ๐Ÿ‡ต๐Ÿ‡ฑ
70%
17 Oleksandr Zinchenko ๐Ÿ‡บ๐Ÿ‡ฆ
70%
41 Declan Rice ๐Ÿด๓ ง๓ ข๓ ฅ๓ ฎ๓ ง๓ ฟ
67%
23 Mikel Merino ๐Ÿ‡ช๐Ÿ‡ธ
67%
20 Jorginho ๐Ÿ‡ฎ๐Ÿ‡น
63%
12 Jurrien Timber ๐Ÿ‡ณ๐Ÿ‡ฑ
63%
18 Takehiro Tomiyasu ๐Ÿ‡ฏ๐Ÿ‡ต
63%
3 Kieran Tierney ๐Ÿด๓ ง๓ ข๓ ณ๓ ฃ๓ ด๓ ฟ
59%
33 Riccardo Calafiori ๐Ÿ‡ฎ๐Ÿ‡น
59%
53 Ethan Nwaneri ๐Ÿด๓ ง๓ ข๓ ฅ๓ ฎ๓ ง๓ ฟ
52%
49 Myles Lewis Skelly ๐Ÿด๓ ง๓ ข๓ ฅ๓ ฎ๓ ง๓ ฟ
44%
30 Raheem Sterling ๐Ÿด๓ ง๓ ข๓ ฅ๓ ฎ๓ ง๓ ฟ
44%
32 Neto ๐Ÿ‡ง๐Ÿ‡ท
41%
76 Ayden Heaven ๐Ÿด๓ ง๓ ข๓ ฅ๓ ฎ๓ ง๓ ฟ
22%
36 Tommy Setford ๐Ÿด๓ ง๓ ข๓ ฅ๓ ฎ๓ ง๓ ฟ
15%
62 Alexei Rojas ๐Ÿ‡จ๐Ÿ‡ด
11%
46 Ismeal Kabbia ๐Ÿ‡ณ๐Ÿ‡ฑ
11%
92 Jack Porter ๐Ÿด๓ ง๓ ข๓ ฅ๓ ฎ๓ ง๓ ฟ
11%
51 Josh Nichols ๐Ÿด๓ ง๓ ข๓ ฅ๓ ฎ๓ ง๓ ฟ
11%
37 Nathan Butler-Oyedeji ๐Ÿด๓ ง๓ ข๓ ฅ๓ ฎ๓ ง๓ ฟ
11%
44 Jimi Gower ๐Ÿด๓ ง๓ ข๓ ฅ๓ ฎ๓ ง๓ ฟ
7%
61 Josh Robinson ๐Ÿด๓ ง๓ ข๓ ฅ๓ ฎ๓ ง๓ ฟ
7%
47 Maldini Kacurri ๐Ÿ‡ฆ๐Ÿ‡ฑ
7%
56 Salah-Eddine Oulad Mโ€™Hand ๐Ÿ‡ณ๐Ÿ‡ฑ
4%
No matching quizzes found
Score Distribution
Percent of People with Each Score
Percentile by Number Answered
Your Score History
You have not taken this quiz